00590nam a2200181 i 4500001000300000100002300003245010000026260002100126700002500147040000800172041000800180080000800188942000700196008004100203999001700244856009800261952004900359bg1 aBARAŃSKI, Feliks 0aO pewnym zagadnieniu biparabolicznym typu Lauricelli /cFeliks Barański, Eugeniusz Wachnicki. aKraków,c1974.1 aWACHNICKI, Eugeniusz cBPK apol a517 cKS s pl f |000 0 pol  c16154d16154 uhttp://koha.tu.koszalin.pl/cgi-bin/koha/opac-detail.pl?biblionumber=16154yKatalog online BPK 00104070aBPKbBPKcwo19690p01707106yKS